Upkar's banks probationary officers examination : (Record no. 60827)
[ view plain ]
| 000 -LEADER | |
|---|---|
| fixed length control field | 00874nam a22002177a 4500 |
| 005 - DATE AND TIME OF LATEST TRANSACTION | |
| control field | 20120112172514.0 |
| 010 ## - LCCN (DPL NO) | |
| LC control number | B-130965 |
| 020 ## - INTERNATIONAL STANDARD BOOK NUMBER | |
| Terms of availability | 225.00 |
| 035 ## - SYSTEM CONTROL NUMBER | |
| System control number | B-130965 |
| 082 ## - DEWEY DECIMAL CLASSIFICATION NUMBER | |
| Classification number | 000 |
| 100 ## - MAIN ENTRY--PERSONAL NAME | |
| Personal name | Jain, T. S. |
| 245 ## - TITLE STATEMENT | |
| Title | Upkar's banks probationary officers examination : |
| Remainder of title | including previous years' papers- fully solved / |
| Statement of responsibility, etc | by T. S. Jain |
| 250 ## - EDITION STATEMENT | |
| Edition statement | rev & en ed. |
| 260 ## - PUBLICATION, DISTRIBUTION, ETC. (IMPRINT) | |
| Place of publication, distribution, etc | Agra |
| Name of publisher, distributor, etc | Upkar Prakashan |
| Date of publication, distribution, etc | 2006 |
| 270 ## - ADDRESS | |
| Address | 2/11A, Swadeshi Bima Nagar, |
| City | Agra |
| Postal code | 282002 |
| 300 ## - PHYSICAL DESCRIPTION | |
| Extent | Various pagings |
| Dimensions | 24cm(pbk) |
| 942 ## - ADDED ENTRY ELEMENTS (KOHA) | |
| Source of classification or shelving scheme | Dewey Decimal Classification |
| Item type | English Books |
| Call number suffix | JAI |
| Classification part | 000 |
| Withdrawn status | Lost status | Not for loan | Collection code | Home library | Current library | Date acquired | Cost, normal purchase price | Full call number | Barcode | Cost, replacement price | Koha item type |
|---|---|---|---|---|---|---|---|---|---|---|---|
| Non-fiction | Sarojini Nagar | Sarojini Nagar | 12/01/2012 | 225.00 | 000 JAI | B-130965 | 225.00 | English Books | |||
| Non-fiction | Sarojini Nagar | Sarojini Nagar | 02/03/2012 | 225.00 | 000 JAI | B-130962 | 225.00 | English Books |
